000 00310nam a22001337a 4500
008 171016b xxu||||| |||| 00| 0 eng d
020 _a0582282705
041 _aeng
080 _a33
100 _a52
101 _aEKO
245 _aAMERICA IN A CHANGING WORLD POLITICAL ECONOMY
_cAVERY,W.P
942 _2udc
_cBK
999 _c34063
_d34063